Japanese placenames in English - Statistics

General Stats
  • This quiz has been taken 447 times
  • The average score is 9 of 15
Answer Stats
Hint Answer % Correct
東京 Tokyo
100%
京都 Kyoto
86%
広島 Hiroshima
78%
名古屋 Nagoya
70%
横浜 Yokohama
67%
福岡 Fukuoka
65%
仙台 Sendai
62%
松山 Matsuyama
60%
札幌 Sapporo
60%
神戸 Kobe
59%
高松 Takamatsu
59%
静岡 Shizuoka
54%
金沢 Kanazawa
41%
鳥取 Tottori
40%
那覇 Naha
36%
No matching quizzes found
Score Distribution
Percent of People with Each Score
Percentile by Number Answered
Your Score History
You have not taken this quiz